| 000 | 01366ny a22002773n 4500 | ||
|---|---|---|---|
| 005 | 20240305165319.0 | ||
| 008 | 020528s2002 sp 000 0 spa d | ||
| 020 | _a9788495748164 | ||
| 035 | _a2621 | ||
| 040 |
_aSpMaUCDE _dvLex |
||
| 090 |
_c608 _d608 |
||
| 100 | 1 | _aConcheiro del Río, Jaime | |
| 245 | 1 | 3 |
_aLa revisión de los actos nulos por inconstitucionalidad de las leyes _h[Recurso electrónico] _bposibiidad de ejercitarla sin limitación de plazo... / _cJaime Concheiro del Río ; con la colaboración de Verónica Seoane Barral |
| 256 | _aServicio en línea | ||
| 260 |
_aMadrid : _bDijusa, _c2002 |
||
| 300 |
_a955 p.; _c25 cm. |
||
| 506 | 1 |
_aContenido solo disponible en los productos indicados _dvLex Global _dvLex Global (Academic Edition, excluding Law Schools) _dvLex Global (U.S. Academic Edition, Law Schools) _dvLex Global (U.S. Academic Edition, excluding Law Schools) _dvLex Global (Academic Edition, Law Schools) |
|
| 650 | 0 | 7 |
_aRecurso de revisión _2Tesauro vLex |
| 650 | 0 | 7 |
_aProcedimiento de la cuestión de inconstitucionalidad _2Tesauro vLex |
| 650 | 0 | 7 |
_aRevisión de oficio _2Tesauro vLex |
| 650 | 0 | 7 |
_aEfectos de la declaración de inconstitucionalidad _2Tesauro vLex |
| 700 | 1 |
_aSeoane Barral, Verónica, _ecol. |
|
| 740 | 0 | _avLex Libros (Servicios en línea) | |
| 856 | 4 | 0 | _uhttps://app.vlex.com/#/sources/2621 |
| 942 | _cRAA | ||
| 999 |
_c159131 _d159131 |
||